Welcome to Marium Abdulla Library

Embrace knowledge with a breath of fresh air.

Browse Collection

Marium Abdulla Library

The architecture of Paul Rudolph; (Record no. 2873)

MARC details
000 -LEADER
fixed length control field 01654cam a2200397 4500
001 - CONTROL NUMBER
control field 5015
003 - CONTROL NUMBER IDENTIFIER
control field OSt
005 - DATE AND TIME OF LATEST TRANSACTION
control field 20250926114201.0
008 - FIXED-LENGTH DATA ELEMENTS--GENERAL INFORMATION
fixed length control field 701214s1970 enkae 000 0 eng
010 ## - LIBRARY OF CONGRESS CONTROL NUMBER
LC control number 75522064
015 ## - NATIONAL BIBLIOGRAPHY NUMBER
National bibliography number B70-13871
020 ## - INTERNATIONAL STANDARD BOOK NUMBER
International Standard Book Number 0500090572
020 ## - INTERNATIONAL STANDARD BOOK NUMBER
International Standard Book Number 9780500090572
035 ## - SYSTEM CONTROL NUMBER
System control number 1282243
040 ## - CATALOGING SOURCE
Original cataloging agency DLC
Transcribing agency DLC
Modifying agency DLC
050 00 - LIBRARY OF CONGRESS CALL NUMBER
Classification number NA737.R8
Item number M6 1970
082 00 - DEWEY DECIMAL CLASSIFICATION NUMBER
Classification number 720.924 RUD
Edition information 23
Item number 5015
100 1# - MAIN ENTRY--PERSONAL NAME
Personal name Rudolph, Paul,
Dates associated with a name 1918-1997.
245 14 - TITLE STATEMENT
Title The architecture of Paul Rudolph;
Statement of responsibility, etc. introduction by Sibyl Moholy-Nagy, commentaries to the works by Paul Rudolph, captions by Gerhard Schwab; [translated from the German]
260 ## - PUBLICATION, DISTRIBUTION, ETC.
Place of publication, distribution, etc. London,
Name of publisher, distributor, etc. Thames & Hudson,
Date of publication, distribution, etc. 1970.
300 ## - PHYSICAL DESCRIPTION
Extent 240 p.
Other physical details illus. (some col.), plans.
Dimensions 26 cm.
336 ## - CONTENT TYPE
Content type term text
Content type code txt
Source rdacontent
337 ## - MEDIA TYPE
Media type term unmediated
Media type code n
Source rdamedia
338 ## - CARRIER TYPE
Carrier type term volume
Carrier type code nc
Source rdacarrier
500 ## - GENERAL NOTE
General note The reference indicates that the captions and possibly other parts of the content originated in German and were translated.
520 ## - SUMMARY, ETC.
Summary, etc. The book is an essential early survey of Rudolph's work, capturing his transition from the lighter Modernism of his Florida houses to the dramatic, sculptural forms of his Brutalist-style buildings, such as the Yale Art and Architecture Building.
650 ## - SUBJECT ADDED ENTRY--TOPICAL TERM
Topical term or geographic name entry element Architectural drawing
650 ## - SUBJECT ADDED ENTRY--TOPICAL TERM
Topical term or geographic name entry element Brutalism
650 ## - SUBJECT ADDED ENTRY--TOPICAL TERM
Topical term or geographic name entry element Modern movement
650 ## - SUBJECT ADDED ENTRY--TOPICAL TERM
Topical term or geographic name entry element Design, Drafting, Drawing & Presentation
700 1# - ADDED ENTRY--PERSONAL NAME
Personal name Moholy-Nagy, Sibyl,
Dates associated with a name 1903-1971.
700 1# - ADDED ENTRY--PERSONAL NAME
Personal name Schwab, Gerhard.
906 ## - LOCAL DATA ELEMENT F, LDF (RLIN)
a 7
b cbc
c orignew
d 3
e ncip
f 19
g y-gencatlg
942 ## - ADDED ENTRY ELEMENTS (KOHA)
Source of classification or shelving scheme Dewey Decimal Classification
Koha item type Book
Suppress in OPAC No
Holdings
Date last seen Total checkouts Full call number Barcode Price effective from Koha item type Lost status Damaged status Not for loan Collection Withdrawn status Home library Current library Shelving location Date acquired Source of acquisition Cost, normal purchase price
10/26/2021   720.924 RUD 5105 10/26/2021 Book       Architecture   Marium Abdulla Library Marium Abdulla Library Non-Ref 01/30/2008 Zameer Mirza Rizki 5000.00